000 00341nam a2200133 a 4500
008 991220s1998||||xx 0 und c
020 _a8085866307
_cDar
040 _aSNK
_bslo
_cSNK
_eAACR2
100 1 _aDvořáček, Jan
245 1 0 _aUrologie III. díl
260 _aPraha
_bISV nakladatelství
_c1998
300 _a1772 s.
044 _axo
_cSK
999 _c18392
_d18392